The successful internship : (Record no. 17956)

000 -LEADER
fixed length control field 01982cam a2200433 a 4500
008 - FIXED-LENGTH DATA ELEMENTS--GENERAL INFORMATION
fixed length control field 121123t20142009caua bf 001 0 eng d
010 ## - LIBRARY OF CONGRESS CONTROL NUMBER
LC control number 2012954572
020 ## - INTERNATIONAL STANDARD BOOK NUMBER
International Standard Book Number 9781285077192
020 ## - INTERNATIONAL STANDARD BOOK NUMBER
International Standard Book Number 1285077199
050 00 - LIBRARY OF CONGRESS CALL NUMBER
Classification number LC1072.I58S84 2014
100 1# - MAIN ENTRY--PERSONAL NAME
Personal name Sweitzer, H. Frederick,
Relator term author.
245 14 - TITLE STATEMENT
Title The successful internship :
Remainder of title personal, professional, and civic development in experiential learning /
Statement of responsibility, etc. H. Frederick Sweitzer, University of Hartford, Mary A. King, Fitchburg State University.
250 ## - EDITION STATEMENT
Edition statement Fourth edition.
300 ## - PHYSICAL DESCRIPTION
Extent xxviii, 436 pages :
Other physical details illustrations ;
Dimensions 23 cm
504 ## - BIBLIOGRAPHY, ETC. NOTE
Bibliography, etc Includes bibliographical references and index.
650 #0 - SUBJECT ADDED ENTRY--TOPICAL TERM
Topical term or geographic name as entry element Interns (Education)
Geographic subdivision United States
Form subdivision Handbooks, manuals, etc.
650 #0 - SUBJECT ADDED ENTRY--TOPICAL TERM
Topical term or geographic name as entry element Internship programs
Geographic subdivision United States.
650 #0 - SUBJECT ADDED ENTRY--TOPICAL TERM
Topical term or geographic name as entry element Experiential learning
Geographic subdivision United States.
650 #0 - SUBJECT ADDED ENTRY--TOPICAL TERM
Topical term or geographic name as entry element Human services
General subdivision Study and teaching (Higher)
Geographic subdivision United States.
700 1# - ADDED ENTRY--PERSONAL NAME
Personal name King, Mary A.,
Relator term author.
856 42 - ELECTRONIC LOCATION AND ACCESS
Materials specified Contributor biographical information
Uniform Resource Identifier <a href="http://www.loc.gov/catdir/enhancements/fy1403/2012954572-b.html">http://www.loc.gov/catdir/enhancements/fy1403/2012954572-b.html</a>
856 42 - ELECTRONIC LOCATION AND ACCESS
Materials specified Publisher description
Uniform Resource Identifier <a href="http://www.loc.gov/catdir/enhancements/fy1403/2012954572-d.html">http://www.loc.gov/catdir/enhancements/fy1403/2012954572-d.html</a>
856 41 - ELECTRONIC LOCATION AND ACCESS
Materials specified Table of contents only
Uniform Resource Identifier <a href="http://www.loc.gov/catdir/enhancements/fy1403/2012954572-t.html">http://www.loc.gov/catdir/enhancements/fy1403/2012954572-t.html</a>
942 ## - ADDED ENTRY ELEMENTS (KOHA)
Source of classification or shelving scheme
Koha item type Hard Covered Materials
Classification part LC1072.I58S84 2014
Holdings
Withdrawn status Lost status Source of classification or shelving scheme Damaged status Not for loan Home library Current library Shelving location Date acquired Source of acquisition Total Checkouts Full call number Barcode Date last seen Price effective from Koha item type
          MACHAKOS UNIVERSITY LIBRARY MACHAKOS UNIVERSITY LIBRARY Technical section 30/11/2016 Donation(BFA)   LC1072.I58S84 2014 29055 07/08/2018 30/11/2016 Hard Covered Materials
© Machakos University Library, Along The Highway, Machakos Wote Rd, Machakos, Kenya P.O. Box 136 - 90100 Machakos - Kenya

Tel: ( +254 ) 723 805829 OR Fax : 044-20353 OR Email: library@mksu.ac.ke